| 000 | 00495cam a2200205ua 4500 | ||
|---|---|---|---|
| 001 | 2583 | ||
| 008 | 110827n ii |||gr||||Z||||||asm | ||
| 020 | _a81-7331-078-5 | ||
| 040 | _cMAIN | ||
| 082 | _a491.45 | ||
| 100 | 1 |
_aNeog, Maheswar, _eAuthor. |
|
| 245 | 1 | 1 |
_aNika asamiya bhasa _cby Maheswar Neog |
| 250 | _a2nd ed. | ||
| 260 |
_aGuwahati: _bLawyer`s book stall,994. |
||
| 300 | _a83p. | ||
| 653 | _aLanguage | ||
| 653 | _aAsamiya bhasa | ||
| 653 | _aNika Asamiya bhasa | ||
| 942 | _cBK | ||
| 999 |
_c2436 _d2436 |
||